000 00683nam a2200289Ia 4500
005 20260324135456.0
008 008 260324s9999 xx 000 0 eng d
020 _a9780429076756
037 _aEBOOK
040 _aCRL
040 _beng
040 _cCRL
041 _2eng
041 _aeng
084 _qCRL
100 _aVictor O. Sheftel
_91200757
245 0 _aIndirect Food Additives and Polymers
245 0 _bMigration and Toxicology
260 _bTaylor and Francis
260 _c2000
365 _a
365 _b560
856 _uhttp://www.taylorfrancis.com/books/9780429076756
942 _cEBOOK
999 _c1801827
_d1801827